000 00974nam0a22002531 4500
001 v19\rc\1411526
005 20060512131402.9
035 _a(NLR Aleph) 004540002
090 _a1992427
_c1992427
100 _a20060512d1879 |||y0rusy50 ca
101 0 _arus
102 _aRU
105 _aa z |||||
200 1 _aКраткие записки о судовом минном деле для морских офицеров
_eСост. по поручению зав. мин. частью во флоте, мин. офицером лейт. В. Витгефт
210 _aКронштадт
_cтип. "Кронштадт. вестн."
_d1879
215 _a90, 4 с., 5 л. черт.
_d24
700 1 _aВитгефт
_bВ. К.
_f1847-1904
_gВильгельм Карлович
_4220
801 0 _aRU
_bNLR
_gpsbo
801 0 _aRU
_bRuMoRGB
_2psbo
801 1 _aRU
_bProSoft-M
_2rusmarc
852 _aNLR
_j18.268.2.15
899 _aRuMoRGB
_jΔ 356/218
942 _cBOOK
980 _aNB